[Event "Fast SC for NEW members"]
[Site "SchemingMind.com"]
[Date "2006.10.20"]
[Round "-"]
[White "mark_squareboard"]
[Black "keedt"]
[Result "0-1"]
[WhiteCountry "USA"]
[BlackCountry "BEL"]
[WhiteElo "1273"]
[WhiteRD "134"]
[BlackElo "2099"]
[BlackRD "143"]
[GameID "72625"]

1. d4 d5 2. c4 Nc6 3. e3 e5 4. dxe5 d4 5. exd4 Qxd4 6. Qxd4 Nxd4 7. Bd3 Be6 8. Ne2 Bxc4 9. Nxd4 Bxd3 10. Bd2 O-O-O
11. Be3 Nh6 12. h3 Bc5 13. Nf3 Bxe3 14. fxe3 Nf5 15. Kf2 Ne7 16. Nc3 Nc6 17. Rac1 Rhe8 18. Rhd1 Nxe5 19. Nxe5 Rxe5 20. Rd2 Be4
21. Rcd1 Rxd2+ 22. Rxd2 c5 23. Nxe4 Rxe4 24. Kf3 Re7 25. h4 Kc7 26. Rc2 Kc6 27. b3 f5 28. g3 b5 29. Rc3 g6 30. g4 fxg4+
31. Kxg4 Re4+ 32. Kg5 c4 33. bxc4 bxc4 34. h5 gxh5 35. Kxh5 Kc5 36. Ra3 Re7 37. Kg4 Kb4 38. Ra6 Rc7
0-1

[Event "Fast SC for NEW members"]
[Site "SchemingMind.com"]
[Date "2006.10.20"]
[Round "-"]
[White "keedt"]
[Black "mark_squareboard"]
[Result "1-0"]
[WhiteCountry "BEL"]
[BlackCountry "USA"]
[WhiteElo "2069"]
[WhiteRD "148"]
[BlackElo "1066"]
[BlackRD "168"]
[GameID "72626"]

1. Nf3 d5 2. d4 e6 3. c4 Nf6 4. Nc3 c5 5. cxd5 Nxd5 6. g3 Nc6 7. Bg2 Be7 8. O-O O-O 9. Nxd5 exd5 10. dxc5 Bxc5
11. Bg5 Be7 12. Bxe7 Nxe7 13. Qb3 Rb8 14. Nd4 Be6 15. Rac1 a6 16. Rfd1 Qa5 17. Qe3 Qb6 18. Nf5
1-0

[Event "Fast SC for NEW members"]
[Site "SchemingMind.com"]
[Date "2006.10.20"]
[Round "-"]
[White "abnrml"]
[Black "keedt"]
[Result "0-1"]
[WhiteCountry "PHI"]
[BlackCountry "BEL"]
[WhiteElo "1434"]
[WhiteRD "210"]
[BlackElo "1902"]
[BlackRD "222"]
[GameID "72643"]

1. e4 d6 2. Nf3 c5 3. Bc4 Nf6 4. Nc3 a6 5. a4 e6 6. d4 cxd4 7. Nxd4 Qc7 8. b3 d5 9. exd5 Bb4 10. Bd2 Bxc3
11. Bxc3 exd5 12. Qe2+ Kd8 13. Qd2 Ne4 14. Qe3 Re8 15. O-O dxc4 16. bxc4 Bd7 17. Rfe1 Qxc4 18. Ba5+ Kc8 19. Qf4 g5 20. Qf6 Nxf6
21. Rxe8+ Nxe8 22. Nf5 Bxf5
0-1

[Event "Fast SC for NEW members"]
[Site "SchemingMind.com"]
[Date "2006.10.24"]
[Round "-"]
[White "abnrml"]
[Black "mark_squareboard"]
[Result "0-1"]
[WhiteCountry "PHI"]
[BlackCountry "USA"]
[WhiteElo "1097"]
[WhiteRD "120"]
[BlackElo "1398"]
[BlackRD "119"]
[GameID "72644"]

1. e4 d6 2. Nf3 Bg4 3. Bb5+ c6 4. Be2 Nf6 5. O-O Nxe4 6. d3 Nf6 7. Nc3 e6 8. Bg5 Be7 9. Bxf6 Bxf6 10. Ne4 d5
11. Nc5 b6 12. Na4 O-O 13. c3 Qd7 14. d4 Qe7 15. b4 Bxf3 16. Bxf3 Qc7 17. Qd3 e5 18. Rae1 e4 19. Bxe4 dxe4 20. Rxe4 Nd7
21. c4 g6 22. c5 bxc5 23. dxc5 Rad8 24. Qc4 Rde8 25. Rf4 Bg7 26. g3 Nf6 27. Rd1 Rd8 28. Rxd8 Rxd8 29. Kg2 Qd7 30. Nc3 Nd5
0-1

[Event "Fast SC for NEW members"]
[Site "SchemingMind.com"]
[Date "2006.10.19"]
[Round "-"]
[White "keedt"]
[Black "abnrml"]
[Result "1-0"]
[WhiteCountry "BEL"]
[BlackCountry "PHI"]
[WhiteElo "1902"]
[WhiteRD "222"]
[BlackElo "1434"]
[BlackRD "210"]
[GameID "72645"]

1. Nf3 d5 2. c4 Be6 3. Qb3 Nf6 4. Qxb7 Nbd7 5. Nc3 Nc5 6. Qc6+ Qd7 7. Qxa8+ Qd8 8. Qc6+ Bd7 9. Qxc5 e6 10. Qxa7 g6
11. d4 dxc4 12. e4 Bd6 13. e5
1-0

[Event "Fast SC for NEW members"]
[Site "SchemingMind.com"]
[Date "2006.10.20"]
[Round "-"]
[White "mark_squareboard"]
[Black "abnrml"]
[Result "1-0"]
[WhiteCountry "USA"]
[BlackCountry "PHI"]
[WhiteElo "1273"]
[WhiteRD "134"]
[BlackElo "1142"]
[BlackRD "128"]
[GameID "72646"]

1. d4 d5 2. c4 Nf6 3. e3 dxc4 4. Bxc4 e6 5. Nf3 Ne4 6. O-O Bd6 7. Qc2 f5 8. Qb3 Qf6 9. Nc3 b6 10. Bd2 Bb7
11. Bxe6 Qh6 12. h3 Rf8 13. Nd5 Bxd5 14. Qxd5 c6 15. Qb3 Rf6 16. Bc4 Nd7 17. Qc2 O-O-O 18. Ba6+ Kc7 19. Rfc1 c5 20. dxc5 Ndxc5
21. b4 Rg6 22. bxc5 bxc5 23. Ba5+ Kc6 24. Qa4+ Kd5 25. Qc4+ Kc6 26. Nd4+ Kd7 27. Qf7+ Be7 28. Nxf5 Ng5 29. Qxe7+ Kc6 30. Qc7+ Kd5
31. Rd1+ Ke4 32. Qf4#
1-0

[Event "Fast SC for NEW members"]
[Site "SchemingMind.com"]
[Date "2006.10.22"]
[Round "-"]
[White "blixtgordon"]
[Black "abnrml"]
[Result "1-0"]
[WhiteCountry "SWE"]
[BlackCountry "PHI"]
[WhiteElo "1774"]
[WhiteRD "115"]
[BlackElo "1201"]
[BlackRD "132"]
[GameID "73173"]

1. e4 e5 2. f4 Nc6 3. Nf3 exf4 4. Bc4 Qf6 5. d4 Nge7 6. O-O d6 7. c3 Bd7 8. b4 O-O-O 9. Qb3 Qg6 10. e5 Bh3
11. Rf2 Qg4 12. exd6 Rxd6 13. Bf1 Qg6 14. Bxf4 Rf6 15. Bg3 Be6 16. Qd1 Nf5 17. Ne5 Nxe5 18. Bxe5 Ne3 19. Qa4 Be7 20. Bxf6 Bxf6
21. Nd2 Bd7 22. Qxa7 Kd8 23. Qxb7 Re8 24. Qa8+ Bc8 25. Ba6 Kd7 26. Bxc8+ Rxc8 27. Qe4 Re8 28. Qxg6 fxg6 29. Nb3 Bg5 30. Re2 Kd6
31. Rae1 Kd5 32. Kf2 Bh4+ 33. g3 Ng4+ 34. Kf3 Nxh2+ 35. Kg2 Rxe2+ 36. Rxe2 Nf1 37. gxh4
1-0

[Event "Fast SC for NEW members"]
[Site "SchemingMind.com"]
[Date "2006.10.23"]
[Round "-"]
[White "blixtgordon"]
[Black "keedt"]
[Result "0-1"]
[WhiteCountry "SWE"]
[BlackCountry "BEL"]
[WhiteElo "1774"]
[WhiteRD "115"]
[BlackElo "2069"]
[BlackRD "148"]
[GameID "73174"]

1. e4 e6 2. d4 d5 3. Nd2 Be7 4. e5 c5 5. c3 Nc6 6. Ngf3 Bd7 7. Be2 cxd4 8. cxd4 Nh6 9. Nf1 Nf5 10. Ng3 Qb6
11. Nxf5 exf5 12. O-O O-O 13. b3 Rfc8 14. Bb2 Nb4 15. Ba3 Rc6 16. Bxb4 Bxb4 17. Rc1 Rac8 18. Rxc6 Rxc6 19. Qb1 g6 20. Rc1 Bc3
21. Qd3 Bxd4
0-1

[Event "Fast SC for NEW members"]
[Site "SchemingMind.com"]
[Date "2006.10.23"]
[Round "-"]
[White "blixtgordon"]
[Black "mark_squareboard"]
[Result "1-0"]
[WhiteCountry "SWE"]
[BlackCountry "USA"]
[WhiteElo "1819"]
[WhiteRD "180"]
[BlackElo "1338"]
[BlackRD "292"]
[GameID "73175"]

1. c4 e6 2. Nc3 Nf6 3. g3 d5 4. cxd5 exd5 5. e3 Be7 6. Bg2 O-O 7. Nge2 Bf5 8. O-O c6 9. b3 Bd3 10. Re1 Bxe2
11. Qxe2 d4 12. exd4 Re8 13. Qd3 Nd5 14. Nxd5 Qxd5 15. Bxd5
1-0

[Event "Fast SC for NEW members"]
[Site "SchemingMind.com"]
[Date "2006.10.26"]
[Round "-"]
[White "abnrml"]
[Black "blixtgordon"]
[Result "0-1"]
[WhiteCountry "PHI"]
[BlackCountry "SWE"]
[WhiteElo "1201"]
[WhiteRD "132"]
[BlackElo "1774"]
[BlackRD "115"]
[GameID "73176"]

1. e4 e6 2. Nf3 a6 3. e5 b5 4. c4 Bb7 5. cxb5 Bc5 6. d4 Bb4+ 7. Bd2 Bxd2+ 8. Qxd2 Ne7 9. Nc3 O-O 10. Bd3 axb5
11. Nxb5 Ba6 12. O-O Bxb5 13. Bxb5 c6 14. Bd3 d5 15. Ng5 h6 16. Nf3 Qb6 17. b4 Na6 18. Rab1 Rfb8 19. a3 Nc7 20. Rb3 Nb5
21. Qf4 Rxa3 22. Rxa3 Nxa3 23. g3 Qxb4 24. g4 Qc3 25. Ba6 Rb3 26. Nd2 Rb4 27. Nf3 Nc2 28. Rd1 Ng6 29. Qc1 Qxf3 30. Qxc2 Nf4
31. Bf1 Qxg4+ 32. Kh1 Qf3+ 33. Kg1 Rc4 34. Qd2 Rc3 35. Re1 Nh3+ 36. Bxh3 Qxh3 37. Re3 Rxe3 38. fxe3 Qf3 39. Qc3 Qe2 40. Kh1 Qf1#
0-1

[Event "Fast SC for NEW members"]
[Site "SchemingMind.com"]
[Date "2006.10.23"]
[Round "-"]
[White "keedt"]
[Black "blixtgordon"]
[Result "1-0"]
[WhiteCountry "BEL"]
[BlackCountry "SWE"]
[WhiteElo "2069"]
[WhiteRD "148"]
[BlackElo "1774"]
[BlackRD "115"]
[GameID "73177"]

1. Nf3 Nf6 2. c4 e6 3. g3 Nc6 4. Bg2 Be7 5. O-O O-O 6. d4 d5 7. b3 b6 8. Bb2 Bb7 9. Nbd2 Nb8 10. Ne5 Nbd7
11. Qc2 c5 12. Nxd7 Nxd7 13. cxd5 Bxd5 14. Bxd5 exd5 15. Qf5 Nf6 16. dxc5 bxc5 17. Rac1 Rc8 18. Rfd1 Qb6 19. Bxf6 Bxf6 20. Qxd5 Rfd8
21. Qf5 Rc6 22. Ne4 Rxd1+ 23. Rxd1 h6 24. Rd7 c4 25. Qh5 Bd4 26. Qxf7+ Kh8 27. Rxd4
1-0

[Event "Fast SC for NEW members"]
[Site "SchemingMind.com"]
[Date "2006.10.23"]
[Round "-"]
[White "mark_squareboard"]
[Black "blixtgordon"]
[Result "0-1"]
[WhiteCountry "USA"]
[BlackCountry "SWE"]
[WhiteElo "1066"]
[WhiteRD "168"]
[BlackElo "1774"]
[BlackRD "115"]
[GameID "73178"]

1. d4 Nf6 2. c4 e6 3. Nf3 b6 4. e3 Bb7 5. Be2 Bb4+ 6. Bd2 Qe7 7. O-O O-O 8. Nc3 d6 9. Qc2 Nbd7 10. a3 Bxc3
11. Bxc3 Be4 12. Qd1 d5 13. Nd2 c5 14. cxd5 exd5 15. Nf3 Qd6 16. h3 Rfc8 17. Rc1 c4 18. Nd2 Bg6 19. Bf3 Be4 20. Bxe4 Nxe4
21. Nxe4 dxe4 22. f3 exf3 23. Qxf3 Qe7 24. e4 Re8 25. Rce1 Rad8 26. e5 Nf8 27. d5 Qc5+ 28. Kh1 Qxd5 29. e6 Qxf3
0-1

[Event "Fast SC for NEW members"]
[Site "SchemingMind.com"]
[Date "2006.10.25"]
[Round "-"]
[White "PankracyRozumek"]
[Black "abnrml"]
[Result "1-0"]
[WhiteCountry "POL"]
[BlackCountry "PHI"]
[WhiteElo "1730"]
[WhiteRD "134"]
[BlackElo "1201"]
[BlackRD "132"]
[GameID "73607"]

1. e4 d6 2. d4 e5 3. dxe5 dxe5 4. Qxd8+ Kxd8 5. Nf3 Bg4 6. Nxe5 Be6 7. Nc3 Ke8 8. Bf4 f6 9. Nf3 Nc6 10. Bb5 Bd7
11. O-O-O g5 12. Bxc7 g4 13. Nh4 Bh6+ 14. Kb1 Nge7 15. Nd5 Rc8 16. Nxf6+ Kf7 17. Rxd7 Kxf6 18. Rhd1 Kg5 19. Bxc6 bxc6 20. Rxe7 Kxh4
21. Bg3+ Kh5 22. Re5+ Kg6 23. Rd6+ Kg7 24. Re7+ Kg8 25. Rxh6 Rd8 26. c3 Kf8 27. Rxa7 Rg8 28. Bd6+ Rxd6 29. Rxd6 Ke8 30. Rxc6
1-0

[Event "Fast SC for NEW members"]
[Site "SchemingMind.com"]
[Date "2006.10.25"]
[Round "-"]
[White "PankracyRozumek"]
[Black "blixtgordon"]
[Result "0-1"]
[WhiteCountry "POL"]
[BlackCountry "SWE"]
[WhiteElo "1730"]
[WhiteRD "134"]
[BlackElo "1774"]
[BlackRD "115"]
[GameID "73608"]

1. Nf3 Nf6 2. c4 e6 3. Nc3 b6 4. g3 Bb7 5. e4 Nxe4 6. Bg2 Nxc3 7. bxc3 Be7 8. d4 O-O 9. d5 d6 10. O-O Nd7
11. Be3 e5 12. a4 a5 13. Re1 f5 14. Qd2 Ba6 15. Bg5 Bxc4 16. Bxe7 Qxe7 17. Ng5 Nc5 18. Rab1 Rae8 19. Bf1 Bxf1 20. Kxf1 h6
21. Nh3 Nxa4 22. Nf4 Qf6 23. Ne6 Rf7 24. Qd3 Nc5 25. Qb5 Rc8 26. Nxc5 dxc5 27. Kg1 Qd6 28. c4 Re7 29. Red1 Rce8 30. Rd2 e4
31. Re2 f4 32. Rbe1 e3 33. fxe3 fxe3 34. Qb3 Qe5 35. Qd3 Qe4 36. Qxe4 Rxe4 37. Rc2 Rd4 38. Rc3 Ree4 39. Kg2 Rxc4 40. Rcxe3 Rxe3
41. Rxe3 Rd4 42. Re8+ Kh7 43. Rc8 Rxd5 44. Rxc7 b5 45. Kf3 c4 46. Ke4 Rd2 47. h4 Rd3 48. Rc5 Rb3 49. Kd4 a4 50. Rc6 Rxg3
0-1

[Event "Fast SC for NEW members"]
[Site "SchemingMind.com"]
[Date "2006.10.25"]
[Round "-"]
[White "PankracyRozumek"]
[Black "keedt"]
[Result "0-1"]
[WhiteCountry "POL"]
[BlackCountry "BEL"]
[WhiteElo "1730"]
[WhiteRD "134"]
[BlackElo "2069"]
[BlackRD "148"]
[GameID "73609"]

1. d4 d5 2. c4 Nc6 3. cxd5 Qxd5 4. e3 e5 5. Nc3 Bb4 6. Bd2 Bxc3 7. bxc3 Nf6 8. Qb3 Qd6 9. Bc1 Be6 10. Bc4 Bxc4
11. Qxc4 Qe6 12. Qxe6+ fxe6 13. Nf3 Ne4 14. Bb2 O-O-O 15. O-O Rhf8 16. Rad1 g5 17. Nd2 Nxd2 18. Rxd2 Na5 19. Rc2 Nc4 20. Re1 c6
21. a4 Rf7 22. Ra1 b6 23. g3 h5 24. Ba3 h4 25. g4 h3 26. Bb4 a5 27. Ba3 Rh8 28. dxe5 Rh4 29. Bd6 Rxg4+ 30. Kh1 Rg2
31. Rg1 Nxe3 32. Rxg2 hxg2+
0-1

[Event "Fast SC for NEW members"]
[Site "SchemingMind.com"]
[Date "2006.10.26"]
[Round "-"]
[White "PankracyRozumek"]
[Black "mark_squareboard"]
[Result "1-0"]
[WhiteCountry "POL"]
[BlackCountry "USA"]
[WhiteElo "1730"]
[WhiteRD "134"]
[BlackElo "1066"]
[BlackRD "168"]
[GameID "73610"]

1. e4 c5 2. Nf3 d6 3. d4 cxd4 4. Nxd4 g6 5. c4 Bg7 6. Nc3 Nf6 7. Be2 Nc6 8. Be3 a6 9. O-O O-O 10. Qd2 Re8
11. Rac1 Bd7 12. Rfd1 Nxd4 13. Bxd4 Bc6 14. Nd5 Nxe4 15. Qe3 Bxd4 16. Rxd4 Bxd5 17. cxd5 Nf6 18. Rh4 Nxd5 19. Qh3 h5 20. Bxh5
1-0

[Event "Fast SC for NEW members"]
[Site "SchemingMind.com"]
[Date "2006.10.27"]
[Round "-"]
[White "abnrml"]
[Black "PankracyRozumek"]
[Result "0-1"]
[WhiteCountry "PHI"]
[BlackCountry "POL"]
[WhiteElo "1201"]
[WhiteRD "132"]
[BlackElo "1730"]
[BlackRD "134"]
[GameID "73611"]

1. e4 c5 2. Bc4 Nc6 3. Nf3 e6 4. d3 Nge7 5. O-O d5 6. exd5 Nxd5 7. Bxd5 exd5 8. Re1+ Be7 9. Na3 O-O 10. Bf4 a6
11. c4 Bf6 12. Rb1 Bg4 13. b3 Nd4 14. b4 Nxf3+ 15. gxf3 Bh3 16. bxc5 Bg5 17. Bd6 Bh4 18. f4 Qf6 19. Kh1 Rfe8 20. Rg1 Bxf2
21. Rg5 Re1+ 22. Qxe1 Bxe1 23. Rxe1 h6 24. Rg3 Bf5 25. cxd5 Bg6 26. Be5 Qd8 27. d6 Qa5 28. Nc2 Qxc5 29. Nd4 Rd8 30. f5 f6
31. Nb3 Qd5+ 32. Kg1 fxe5 33. fxg6 Rxd6 34. Rf1 Qc6 35. Re3 Rxg6+ 36. Kf2 Rg2+ 37. Ke1 Qc3+ 38. Kd1 Qc2+ 39. Ke1 Qb1+
0-1

[Event "Fast SC for NEW members"]
[Site "SchemingMind.com"]
[Date "2006.10.25"]
[Round "-"]
[White "blixtgordon"]
[Black "PankracyRozumek"]
[Result "0-1"]
[WhiteCountry "SWE"]
[BlackCountry "POL"]
[WhiteElo "1774"]
[WhiteRD "115"]
[BlackElo "1730"]
[BlackRD "134"]
[GameID "73612"]

1. e4 d5 2. exd5 Qxd5 3. Nc3 Qa5 4. Nf3 Nf6 5. Bc4 Bf5 6. d3 c6 7. Bd2 Qc7 8. O-O e6 9. Re1 Bd6 10. h3 Nbd7
11. Nh4 O-O-O 12. a4 h6 13. Ne4 Nxe4 14. dxe4 Bh7 15. Qe2 g5 16. Nf3 Ne5 17. Nxe5 Bxe5 18. Rab1 Rhg8 19. b4 Rg6 20. b5 g4
21. hxg4 Rdg8 22. bxc6 Qxc6 23. Bb5 Qc7 24. Qc4 Qxc4 25. Bxc4 Rxg4 26. Bf1 Bxe4 27. Rxe4 Rxe4 28. Bxh6 Rh8
0-1

[Event "Fast SC for NEW members"]
[Site "SchemingMind.com"]
[Date "2006.10.25"]
[Round "-"]
[White "keedt"]
[Black "PankracyRozumek"]
[Result "1-0"]
[WhiteCountry "BEL"]
[BlackCountry "POL"]
[WhiteElo "2069"]
[WhiteRD "148"]
[BlackElo "1730"]
[BlackRD "134"]
[GameID "73613"]

1. Nf3 Nf6 2. c4 g6 3. Nc3 Bg7 4. d4 O-O 5. e4 d6 6. Be2 Na6 7. O-O e5 8. Be3 Ng4 9. Bg5 Qe8 10. c5 h6
11. Bh4 exd4 12. Nd5 g5 13. Bxa6 gxh4 14. Nxc7 Qc6 15. cxd6 bxa6 16. Rc1 Qxd6 17. Nxa8 Bb7 18. h3 Nxf2 19. Rxf2 Bxa8 20. Qd3 Re8
21. Nd2 Be5 22. Rcf1 f6 23. Nc4 Qc6 24. Nxe5 fxe5 25. Qb3+
1-0

[Event "Fast SC for NEW members"]
[Site "SchemingMind.com"]
[Date "2006.10.26"]
[Round "-"]
[White "mark_squareboard"]
[Black "PankracyRozumek"]
[Result "0-1"]
[WhiteCountry "USA"]
[BlackCountry "POL"]
[WhiteElo "1066"]
[WhiteRD "168"]
[BlackElo "1730"]
[BlackRD "134"]
[GameID "73614"]

1. d4 d5 2. c4 dxc4 3. e3 e6 4. Bxc4 c5 5. Nf3 a6 6. a4 Nf6 7. O-O Nc6 8. Nc3 cxd4 9. exd4 Be7 10. Re1 O-O
11. d5 Na5 12. Ba2 Qb6 13. dxe6 Bxe6 14. Bxe6 fxe6 15. Qe2 Bb4 16. Bd2 Rfe8
0-1

[Event "Fast SC for NEW members"]
[Site "SchemingMind.com"]
[Date "2006.10.27"]
[Round "-"]
[White "Wolli"]
[Black "abnrml"]
[Result "1-0"]
[WhiteCountry "GER"]
[BlackCountry "PHI"]
[WhiteElo "1800"]
[WhiteRD "148"]
[BlackElo "1142"]
[BlackRD "128"]
[GameID "73615"]

1. d4 d6 2. e4 f5 3. Nc3 Nf6 4. Bd3 fxe4 5. Nxe4 Nc6 6. Nxf6+ gxf6 7. Qh5+ Kd7 8. d5 Nd4 9. c3 c6 10. Qg4+ Kc7
11. Qxd4 e5 12. dxe6 Bxe6 13. Ne2 c5 14. Nf4 Qe8 15. Qxf6 Bc4+ 16. Be3 Be7 17. Qf5 Bf7 18. Nd5+ Bxd5 19. Qxd5 Rd8 20. O-O-O Qa4
21. Be4 Qc6 22. Qc4 Qb6 23. Qf7 Rde8 24. Rxd6 Qxd6 25. Bf4 Rhf8 26. Bxd6+ Kxd6 27. Qd5+ Kc7 28. Qxb7+ Kd6 29. Rd1+ Ke6 30. Qd5+ Kf6
31. Qf5+ Kg7 32. Qxh7+ Kf6 33. Qg6+ Ke5 34. Rd5+ Kf4 35. g3#
1-0

[Event "Fast SC for NEW members"]
[Site "SchemingMind.com"]
[Date "2006.10.25"]
[Round "-"]
[White "Wolli"]
[Black "blixtgordon"]
[Result "1/2-1/2"]
[WhiteCountry "GER"]
[BlackCountry "SWE"]
[WhiteElo "1791"]
[WhiteRD "148"]
[BlackElo "1774"]
[BlackRD "115"]
[GameID "73616"]

1. d4 e6 2. c4 Nf6 3. Nc3 Bb4 4. a3 Bxc3+ 5. bxc3 b6 6. Nf3 Ba6 7. Qb3 Nc6 8. Bg5 Na5 9. Qa4 Bxc4 10. Ne5 Bb3
11. Qb5 a6 12. Qb4 d6 13. Nc6 Nxc6 14. Qxb3 h6 15. Bh4 g5 16. Bg3 Qe7 17. e3 Ne4 18. Bd3 Nxg3 19. hxg3 f5 20. c4 Na5
21. Qb4 Kf7 22. Rc1 Rab8 23. d5 e5 24. Bxf5 Qf6 25. e4 Nb7 26. Rc3 Nc5 27. Rf3 Kg7 28. g4 Rbf8 29. Qd2 Qe7 30. Rfh3 Qe8
31. Rxh6 Rxh6 32. Qxg5+ Rg6 33. Qh4 Rh8 34. Qxh8+ Qxh8 35. Rxh8 Kxh8 36. Bxg6 Nd3+ 37. Kd2 Nf4 38. Bf5 Nxg2 39. Bc8 a5 40. Bf5 Nf4
41. Ke3 Nh3 42. Kf3 Kg7 43. Kg3 Nf4 44. f3 Ne2+ 45. Kf2 Nd4 46. a4 Kf6 47. Ke3 Nc2+ 48. Kd3 Nb4+ 49. Kd2 Na6 50. Bd7 Kg5
51. Bb5 Nc5=
1/2-1/2

[Event "Fast SC for NEW members"]
[Site "SchemingMind.com"]
[Date "2006.10.25"]
[Round "-"]
[White "Wolli"]
[Black "keedt"]
[Result "0-1"]
[WhiteCountry "GER"]
[BlackCountry "BEL"]
[WhiteElo "1791"]
[WhiteRD "148"]
[BlackElo "2069"]
[BlackRD "148"]
[GameID "73617"]

1. d4 d5 2. c4 Nc6 3. Nf3 Bg4 4. Nc3 e6 5. Bf4 Bxf3 6. exf3 Nf6 7. b3 Bb4 8. Rc1 e5 9. dxe5 d4 10. exf6 Qxf6
11. Qe2+ Kf8 12. Kd1 dxc3 13. Bxc7 Rc8 14. Bg3 Rd8+ 15. Qd3 Rxd3+ 16. Bxd3 g6 17. Kc2 Ba3 18. Be4 Nb4+ 19. Kb1 c2+ 20. Rxc2 Nxc2
21. Kxc2 Kg7 22. Rb1 Bb4 23. Kd3 Qc3+ 24. Ke2 Re8
0-1

[Event "Fast SC for NEW members"]
[Site "SchemingMind.com"]
[Date "2006.10.26"]
[Round "-"]
[White "Wolli"]
[Black "mark_squareboard"]
[Result "1-0"]
[WhiteCountry "GER"]
[BlackCountry "USA"]
[WhiteElo "1791"]
[WhiteRD "148"]
[BlackElo "1066"]
[BlackRD "168"]
[GameID "73618"]

1. d4 d5 2. c4 e6 3. Nc3 Nf6 4. Bg5 c6 5. Nf3 Be7 6. e3 O-O 7. Bd3 dxc4 8. Bxc4 Nd5 9. Bxe7 Qxe7 10. O-O Nd7
11. Ne4 N7f6 12. Ng3 Nb6 13. Bb3 Bd7 14. Ne5 Rad8 15. Qf3 h6 16. Rac1 Nfd5 17. Ne4 Be8 18. Nc5
1-0

[Event "Fast SC for NEW members"]
[Site "SchemingMind.com"]
[Date "2006.10.25"]
[Round "-"]
[White "Wolli"]
[Black "PankracyRozumek"]
[Result "0-1"]
[WhiteCountry "GER"]
[BlackCountry "POL"]
[WhiteElo "1791"]
[WhiteRD "148"]
[BlackElo "1730"]
[BlackRD "134"]
[GameID "73619"]

1. d4 d5 2. c4 Nf6 3. Nc3 g6 4. Nf3 Bg7 5. Bf4 O-O 6. e3 c5 7. Qb3 cxd4 8. Nxd4 dxc4 9. Bxc4 Nbd7 10. O-O e5
11. Bg3 exd4 12. exd4 Nb6 13. Rad1 Nxc4 14. Qxc4 a6 15. d5 b5 16. Qc6 Bf5 17. Be5 Qd7 18. Bxf6 Qxc6 19. dxc6 Bxf6 20. Nd5 Bxb2
21. Ne7+ Kg7 22. Nxf5+ gxf5 23. Rb1 Bf6 24. Rbc1 Rfc8 25. Rc5 Kg6 26. Rd1 Ra7 27. h3 Rac7 28. Rd6 Rd8 29. Rxd8 Bxd8 30. Rd5 Be7
31. Rd7 Rxd7 32. cxd7 Kf6 33. f3 Ke6 34. f4 Kxd7 35. Kf2 Kd6 36. Ke3 Kc5 37. Kd3 Bf6 38. g4 fxg4 39. hxg4 Kb4 40. Kc2 Kc4
41. f5 Kd4 42. Kb3 a5
0-1

[Event "Fast SC for NEW members"]
[Site "SchemingMind.com"]
[Date "2006.10.27"]
[Round "-"]
[White "abnrml"]
[Black "Wolli"]
[Result "0-1"]
[WhiteCountry "PHI"]
[BlackCountry "GER"]
[WhiteElo "1142"]
[WhiteRD "128"]
[BlackElo "1800"]
[BlackRD "148"]
[GameID "73620"]

1. e4 d6 2. Nc3 Nf6 3. Nf3 g6 4. d3 Bg7 5. d4 O-O 6. Bg5 h6 7. Bxf6 Bxf6 8. e5 dxe5 9. dxe5 Bg7 10. Qxd8 Rxd8
11. Bc4 Bf5 12. O-O Bxc2 13. Nd5 Nc6 14. Nxc7 Rac8 15. Nb5 Nxe5 16. Nxe5 Bxe5 17. Bb3 Bd3 18. Rfe1 Bxb2 19. Rad1 Bxb5 20. Rb1 Bf6
21. a4 Bc6 22. Bc2 a6 23. g3 Rd4 24. a5 Rcd8 25. Bb3 Rd2 26. Rec1 Bd4 27. Rf1 Bb5 28. Kg2 Bxf1+ 29. Kxf1 Rxf2+ 30. Ke1 Rxh2
31. Kf1 Rh1+
0-1

[Event "Fast SC for NEW members"]
[Site "SchemingMind.com"]
[Date "2006.10.25"]
[Round "-"]
[White "blixtgordon"]
[Black "Wolli"]
[Result "0-1"]
[WhiteCountry "SWE"]
[BlackCountry "GER"]
[WhiteElo "1774"]
[WhiteRD "115"]
[BlackElo "1791"]
[BlackRD "148"]
[GameID "73621"]

1. e4 d6 2. d4 Nf6 3. Bd3 g6 4. f4 Bg7 5. Nf3 O-O 6. O-O Bg4 7. c3 c5 8. h3 Bxf3 9. Qxf3 cxd4 10. cxd4 Nc6
11. Be3 e5 12. fxe5 dxe5 13. d5 Nd4 14. Bxd4 exd4 15. Nd2 Qb6 16. Nc4 Qc5 17. Rac1 Rac8 18. Rc2 b5 19. Na3 Qe7 20. Rxc8 Rxc8
21. Nxb5 Nd7 22. Nxa7 Ne5 23. Qe2 Qxa7 24. a3 Qb6 25. Rb1 Qb3 26. Ba6 Rc2 27. Qb5 Qg3 28. Qf1 d3 29. b4 Ng4 30. hxg4 Bd4+
0-1

[Event "Fast SC for NEW members"]
[Site "SchemingMind.com"]
[Date "2006.10.25"]
[Round "-"]
[White "keedt"]
[Black "Wolli"]
[Result "1-0"]
[WhiteCountry "BEL"]
[BlackCountry "GER"]
[WhiteElo "2069"]
[WhiteRD "148"]
[BlackElo "1791"]
[BlackRD "148"]
[GameID "73622"]

1. Nf3 d5 2. d4 Nf6 3. c4 e6 4. g3 Bb4+ 5. Bd2 Nc6 6. Bg2 O-O 7. O-O Bxd2 8. Nbxd2 b6 9. Re1 Bb7 10. e4 dxe4
11. Nxe4 Nxe4 12. Rxe4 Ne7 13. Re1 c5 14. dxc5 bxc5 15. Qxd8 Rfxd8 16. Rad1 Nf5 17. g4 Nd4 18. Nxd4 Bxg2 19. Kxg2 cxd4 20. Re4 d3
21. Re3 d2 22. Re2 Rd4 23. Rexd2 Rxg4+ 24. Kf3 h5 25. b3 g5 26. Rd4 Rxd4 27. Rxd4 Kf8 28. Rd7 Ke8 29. Rc7 a6 30. b4 Rb8
31. a3 g4+ 32. Ke3 Kf8 33. Ra7 Rb6 34. c5 Rc6 35. Kf4 Kg7 36. Kg5 Kf8 37. Kxh5 f5 38. Kg5 e5 39. Kxf5
1-0

[Event "Fast SC for NEW members"]
[Site "SchemingMind.com"]
[Date "2006.10.26"]
[Round "-"]
[White "mark_squareboard"]
[Black "Wolli"]
[Result "0-1"]
[WhiteCountry "USA"]
[BlackCountry "GER"]
[WhiteElo "1066"]
[WhiteRD "168"]
[BlackElo "1791"]
[BlackRD "148"]
[GameID "73623"]

1. d4 d5 2. c4 e6 3. e3 Nf6 4. Nf3 Nc6 5. Bd3 Be7 6. O-O O-O 7. b3 h6 8. Bb2 b6 9. Nc3 Bb7 10. Rc1 Nb4
11. a3 Nxd3 12. Qxd3 dxc4 13. bxc4 c5 14. Rcd1 Bxf3 15. gxf3 cxd4 16. Qxd4 Qxd4 17. Rxd4 Bc5
0-1

[Event "Fast SC for NEW members"]
[Site "SchemingMind.com"]
[Date "2006.10.25"]
[Round "-"]
[White "PankracyRozumek"]
[Black "Wolli"]
[Result "0-1"]
[WhiteCountry "POL"]
[BlackCountry "GER"]
[WhiteElo "1730"]
[WhiteRD "134"]
[BlackElo "1791"]
[BlackRD "148"]
[GameID "73624"]

1. e4 d6 2. d4 Nf6 3. Nc3 g6 4. Be3 Bg7 5. Qd2 O-O 6. Nf3 c6 7. h4 Nbd7 8. Nh2 b5 9. g4 Nb6 10. f3 Nc4
11. Bxc4 bxc4 12. h5 Qb6 13. b3 cxb3 14. axb3 e6 15. hxg6 fxg6 16. Bh6 Bxh6 17. Qxh6 Qxd4 18. Qd2 Qxd2+ 19. Kxd2 h5 20. Rhe1 e5
21. g5 Nh7 22. Rg1 Rf4 23. Ke3 Kf7 24. Ne2 Rh4 25. Rg2 Nxg5 26. Rag1 Ne6 27. Nf1 g5 28. Kd2 Ba6 29. c4 Kf6 30. Ne3 Rh3
31. Rg3 Rxg3 32. Rxg3 Nf4 33. Rg1 Rb8 34. Rb1 Nxe2 35. Kxe2 h4 36. Kd3 h3 37. Kc3 Ke6 38. Rh1 Rh8 39. Nd1 Bc8 40. Kd3 a5
41. Ke2 Bd7 42. Ne3 Kf7 43. Kf2 Rb8 44. Rb1 a4 45. b4 a3 46. Ra1 Ra8 47. Ra2 Be6 48. Nc2 Bxc4 49. Rxa3 Rh8 50. Ra1 Ke6
51. Ne3 Ba6 52. Ng4 Bc8 53. Kg3 Bd7 54. Nf2 Kf6 55. Ra7 Ke7 56. Kh2 Rf8 57. Kg3 h2 58. Ra1 Rb8 59. Nd3 Rh8 60. Rh1 Rh3+
61. Kg2 g4 62. Rxh2 Rxf3 63. Rh7+ Kd8 64. Nf2 Rb3 65. Rh6 Kc7 66. Rh7 Rxb4 67. Nxg4 Rb2+ 68. Kf3 Rb3+ 69. Ke2 Rh3 70. Rf7 Kd8
71. Nf6 Be6 72. Ra7 Rh6 73. Ra8+ Ke7 74. Ng8+ Bxg8 75. Rxg8 d5 76. Rg7+ Kd6 77. exd5 cxd5 78. Ra7 Rh2+ 79. Kd3 Rh3+ 80. Kd2 e4
81. Ra8 d4 82. Rd8+ Ke5 83. Re8+ Kf4 84. Rf8+ Kg3 85. Re8 Rh2+
0-1